Seychellit-visa - Statistics

Yleistilastot
  • Tätä visaa on pelattu 220 kertaa
  • Keskiarvotulos 10 / 17
Vastaustilastot
Vihje Vastaus % Oikein
Viralliset kielet Englanti
93%
Lähimpänä Seychellejä sijaitseva saarivaltio Madagaskar
93%
Valtameri, jossa Seychellit sijaitsee Intian valtameri
91%
Valtio, josta Seychellit itsenäistyi 1976 Yhdistynyt kuningaskunta
90%
Viralliset kielet Ranska
88%
Seychellit on asukasta kohden mitattuna Afrikan _____ valtio Rikkain
76%
Pääkaupunki Victoria
67%
Tutkimusmatkailija, joka näki Seychellit 1503 Vasco da Gama
58%
Seychelleillä elää tämän valtavan matelijan suurin populaatio Jättiläis{kilpikonna}
52%
Elintarvike, joka kattaa 82 % viennistä Kala
51%
Viralliset kielet Seychellien kreoli
47%
Valuutta Rupia
41%
43 palkkasoturia tästä maasta yrittivät kaapata vallan 1981 Etelä-Afrikka
35%
Seychellien kotoperäinen kasvi, jonka siemenet ovat kasvikunnan suurimmat Seychellien{palmu}
28%
Seychellien suurin saari Mahé
20%
Seychellien johtaja 1977–2004 France-Albert René
17%
Ranskalainen virkamies, jonka mukaan Seychellit on nimetty Jean Moreau de Séchelles
14%
Ehtoja vastaavia visoja ei löytynyt
Tulosjakauma
Jokaisen tuloksen saaneiden osuus
Persentiili vastausten määrän mukaan
Tuloshistoriasi
Et ole pelannut tätä visaa